[Event "II Torneio Aberto Internacional de Xadrez de Ferreira do Alentejo"]
[Site "Ferreira do Alentejo - Portugal"]
[Date "2019.12.20"]
[Round "6.9"]
[White "Avelino, Camila Biscaya"]
[Black "Dong, Fabio"]
[Result "1/2-1/2"]
[BlackElo "1550"]
[WhiteElo "1774"]
[WhiteTeam "ADRC Mata de Benfica"]
[BlackTeam "CX Sintra"]
[LiveChessVersion "1.4.8"]

1. e4 {[%clk 1:30:41]} c6 {[%clk 1:31:03]} 2. d4 {[%clk 1:30:25]} d5
{[%clk 1:31:19]} 3. exd5 {[%clk 1:30:03]} cxd5 {[%clk 1:31:18]} 4. Bd3
{[%clk 1:29:54]} Nc6 {[%clk 1:31:18]} 5. c3 {[%clk 1:29:11]} Nf6 {[%clk 1:29:20]}
6. Bf4 {[%clk 1:28:19]} Bg4 {[%clk 1:26:37]} 7. Qb3 {[%clk 1:26:46]} Qd7
{[%clk 1:24:57]} 8. Nd2 {[%clk 1:26:34]} e6 {[%clk 1:21:43]} 9. Ngf3
{[%clk 1:22:18]} Be7 {[%clk 1:18:51]} 10. O-O {[%clk 1:17:13]} O-O
{[%clk 1:12:30]} 11. Rae1 {[%clk 1:09:48]} Rac8 {[%clk 1:09:06]} 12. Ne5
{[%clk 1:08:53]} Nxe5 {[%clk 1:07:25]} 13. dxe5 {[%clk 1:02:45]} Ne8
{[%clk 1:02:09]} 14. Qc2 {[%clk 0:55:33]} f5 {[%clk 1:02:11]} 15. exf6
{[%clk 0:53:12]} Nxf6 {[%clk 1:01:56]} 16. h3 {[%clk 0:49:56]} Bh5
{[%clk 0:59:45]} 17. Nb3 {[%clk 0:49:30]} Bd6 {[%clk 0:56:50]} 18. Be5
{[%clk 0:49:39]} Bxe5 {[%clk 0:56:49]} 19. Rxe5 {[%clk 0:41:45]} Bf7
{[%clk 0:51:00]} 20. Rfe1 {[%clk 0:39:08]} Rfe8 {[%clk 0:46:54]} 21. Nd4
{[%clk 0:27:00]} a6 {[%clk 0:24:59]} 22. Qe2 {[%clk 0:25:39]} Nh5
{[%clk 0:24:58]} 23. Rxh5 {[%clk 0:25:21]} Bxh5 {[%clk 0:23:29]} 24. Qxh5
{[%clk 0:24:56]} g6 {[%clk 0:23:04]} 25. Qg4 {[%clk 0:23:19]} Qf7 26. Rxe6 Rxe6
{[%clk 0:19:14]} 27. Qxe6 {[%clk 0:23:43]} Qxe6 {[%clk 0:19:25]} 28. Nxe6
{[%clk 0:22:33]} Re8 29. Nd4 {[%clk 0:22:56]} Re1+ {[%clk 0:19:12]} 30. Kh2
{[%clk 0:17:36]} Ra1 {[%clk 0:18:54]} 31. a4 {[%clk 0:17:33]} Rxa4
{[%clk 0:18:32]} 32. b4 {[%clk 0:16:29]} Ra3 {[%clk 0:17:31]} 33. Ne2
{[%clk 0:15:09]} Kg7 {[%clk 0:17:41]} 34. Kg3 {[%clk 0:14:39]} d4
{[%clk 0:17:51]} 35. Kf4 {[%clk 0:14:39]} dxc3 {[%clk 0:16:32]} 36. Ke3
{[%clk 0:11:20]} Rb3 {[%clk 0:16:23]} 37. b5 {[%clk 0:11:42]} axb5 38. Nd4
{[%clk 0:11:58]} Rb2 {[%clk 0:13:59]} 39. Nxb5 {[%clk 0:12:19]} c2
{[%clk 0:13:48]} 40. Kd2 {[%clk 0:12:25]} c1=Q+ 41. Kxc1 {[%clk 0:12:25]} Rxf2
{[%clk 0:13:57]} 42. Be4 b6 1/2-1/2

[Event "II Torneio Aberto Internacional de Xadrez de Ferreira do Alentejo"]
[Site "Ferreira do Alentejo - Portugal"]
[Date "2019.12.20"]
[Round "6.10"]
[White "Ramos, Alvaro Manuel Nobre"]
[Black "Tieres, Cristiano"]
[Result "0-1"]
[BlackElo "1848"]
[WhiteElo "1868"]
[WhiteTeam "CXFA"]
[BlackTeam "EX Porto"]
[LiveChessVersion "1.4.8"]

1. e4 {[%clk 1:31:13]} c5 {[%clk 1:30:37]} 2. Nf3 {[%clk 1:31:13]} d6 3. d4
{[%clk 1:31:35]} cxd4 {[%clk 1:31:26]} 4. Nxd4 {[%clk 1:31:58]} Nf6
{[%clk 1:32:10]} 5. Nc3 g6 6. f3 {[%clk 1:31:54]} Bg7 {[%clk 1:32:35]} 7. Be3
{[%clk 1:32:14]} O-O {[%clk 1:32:59]} 8. Qd2 {[%clk 1:32:25]} Nc6 9. Nb3
{[%clk 1:32:32]} Be6 {[%clk 1:33:24]} 10. Be2 {[%clk 1:27:51]} a5 11. a3 Bxb3
{[%clk 1:33:05]} 12. cxb3 {[%clk 1:28:14]} Nd7 {[%clk 1:33:44]} 13. O-O
{[%clk 1:25:13]} Nc5 {[%clk 1:31:35]} 14. Bd1 {[%clk 1:24:55]} Rc8
{[%clk 1:29:34]} 15. Bc2 {[%clk 1:19:57]} Ne6 16. Rae1 {[%clk 1:20:10]} Ned4
{[%clk 1:29:52]} 17. Bd1 {[%clk 1:18:34]} b5 {[%clk 1:28:26]} 18. Ne2 e5
{[%clk 1:28:46]} 19. Nc3 {[%clk 1:13:48]} f5 20. Bh6 f4 {[%clk 1:28:44]} 21. Bxg7
{[%clk 1:10:37]} Kxg7 {[%clk 1:29:22]} 22. Nd5 Rf7 {[%clk 1:29:40]} 23. Kh1
{[%clk 1:09:33]} Ne7 {[%clk 1:29:59]} 24. Nc3 {[%clk 1:05:21]} Ng8
{[%clk 1:29:49]} 25. Ne2 {[%clk 1:03:32]} Nc6 26. Nc3 {[%clk 1:03:45]} b4
{[%clk 1:29:33]} 27. Nd5 {[%clk 1:01:36]} Nf6 {[%clk 1:29:19]} 28. Be2
{[%clk 1:00:04]} Nh5 {[%clk 1:29:11]} 29. Bc4 {[%clk 0:57:47]} Ng3+
{[%clk 1:28:48]} 30. Kg1 Nxf1 {[%clk 1:29:01]} 31. Rxf1 {[%clk 0:57:19]} Ne7 32.
axb4 Nxd5 {[%clk 1:29:11]} 33. Qxd5 {[%clk 0:56:09]} Ra7 {[%clk 1:29:44]} 34. Ra1
{[%clk 0:52:06]} Qb6+ {[%clk 1:30:09]} 35. Kh1 axb4 {[%clk 1:30:38]} 36. Rxa7+
{[%clk 0:51:22]} Qxa7 {[%clk 1:29:33]} 37. h3 {[%clk 0:48:29]} Qe7
{[%clk 1:29:20]} 38. Kg1 {[%clk 0:40:23]} Rc7 {[%clk 1:29:39]} 39. g3
{[%clk 0:40:33]} fxg3 {[%clk 1:28:41]} 40. Kg2 {[%clk 0:39:08]} Ra7
{[%clk 1:28:53]} 41. Kxg3 {[%clk 0:39:15]} Qg5+ {[%clk 1:29:18]} 42. Kf2 Ra2 43.
Qf7+ Kh6 44. Qf8+ {[%clk 0:36:17]} Kh5 {[%clk 1:29:39]} 45. Be2 {[%clk 0:36:17]}
Rxb2 {[%clk 1:30:04]} 46. f4+ {[%clk 0:35:38]} Rxe2+ {[%clk 1:30:21]} 47. Kxe2
Qg2+ 48. Kd3 Qf3+ 49. Kc4 {[%clk 0:34:18]} Qxe4+ {[%clk 1:30:46]} 50. Kb5
{[%clk 0:34:38]} exf4 51. Qxd6 {[%clk 0:34:36]} f3 {[%clk 1:29:36]} 52. Qg3 Qf5+
{[%clk 1:30:23]} 53. Kxb4 {[%clk 0:34:25]} f2 0-1

[Event "II Torneio Aberto Internacional de Xadrez de Ferreira do Alentejo"]
[Site "Ferreira do Alentejo - Portugal"]
[Date "2019.12.20"]
[Round "6.11"]
[White "Santos, Isabel Pereira Dos"]
[Black "Sousa, Diogo Miguel Braz"]
[Result "1-0"]
[BlackElo "1375"]
[WhiteElo "1807"]
[WhiteTeam "Gx Alekhine"]
[BlackTeam "CXFA"]
[LiveChessVersion "1.4.8"]

1. d4 d5 2. c4 {[%clk 1:31:49]} c6 {[%clk 1:31:16]} 3. Nf3 {[%clk 1:32:11]} Nf6
{[%clk 1:31:01]} 4. e3 {[%clk 1:32:30]} Bg4 5. Nc3 {[%clk 1:32:21]} e6
{[%clk 1:30:44]} 6. cxd5 {[%clk 1:32:05]} Nxd5 {[%clk 1:30:05]} 7. e4
{[%clk 1:32:30]} Nxc3 {[%clk 1:29:35]} 8. bxc3 Be7 9. Be2 {[%clk 1:30:55]} Nd7
{[%clk 1:28:46]} 10. O-O {[%clk 1:27:55]} O-O {[%clk 1:26:25]} 11. Be3
{[%clk 1:22:13]} Qc7 {[%clk 1:23:13]} 12. Rc1 {[%clk 1:16:23]} Nb6
{[%clk 1:16:42]} 13. c4 Rac8 {[%clk 1:16:53]} 14. Nd2 {[%clk 1:13:18]} Bxe2
{[%clk 1:09:03]} 15. Qxe2 {[%clk 1:11:10]} Rfd8 {[%clk 1:05:05]} 16. Rfd1
{[%clk 1:06:58]} Bf6 17. e5 {[%clk 1:07:22]} Be7 {[%clk 1:05:00]} 18. Ne4
{[%clk 1:04:44]} Nd7 {[%clk 0:57:28]} 19. f4 {[%clk 1:03:44]} f5 {[%clk 0:55:58]}
20. Nc3 {[%clk 0:56:32]} Nb6 21. d5 {[%clk 0:56:54]} cxd5 {[%clk 0:49:58]} 22.
cxd5 {[%clk 0:47:41]} Bc5 23. d6 {[%clk 0:48:05]} Bxe3+ {[%clk 0:47:59]} 24. Qxe3
Qc5 {[%clk 0:48:26]} 25. Qxc5 {[%clk 0:47:55]} Rxc5 {[%clk 0:47:51]} 26. Ne2
{[%clk 0:45:14]} Rcc8 {[%clk 0:44:10]} 27. Nd4 {[%clk 0:45:35]} Kf8
{[%clk 0:44:14]} 28. Nxe6+ {[%clk 0:45:36]} Kf7 {[%clk 0:44:42]} 29. Nxd8+
{[%clk 0:45:36]} Rxd8 30. Rc7+ {[%clk 0:45:52]} Rd7 {[%clk 0:45:00]} 31. Rdc1
{[%clk 0:46:26]} Ke6 {[%clk 0:45:12]} 32. Rxd7 {[%clk 0:46:26]} Nxd7
{[%clk 0:45:12]} 33. Rc7 {[%clk 0:47:06]} b5 {[%clk 0:45:46]} 34. Rxa7 b4
{[%clk 0:46:06]} 35. Rxd7 {[%clk 0:47:05]} Kxd7 {[%clk 0:46:24]} 36. Kf2
{[%clk 0:47:27]} Kc6 37. Ke3 {[%clk 0:47:51]} Kd7 {[%clk 0:46:51]} 38. Kd4
{[%clk 0:48:40]} h6 {[%clk 0:47:09]} 39. Kc4 g5 {[%clk 0:47:33]} 40. g3
{[%clk 0:48:56]} Ke6 {[%clk 0:47:51]} 41. Kxb4 {[%clk 0:48:44]} h5
{[%clk 0:47:51]} 42. fxg5 {[%clk 0:49:02]} h4 {[%clk 0:48:00]} 43. g6 hxg3 44.
hxg3 {[%clk 0:49:28]} f4 {[%clk 0:48:19]} 45. gxf4 {[%clk 0:49:53]} Kd7
{[%clk 0:48:42]} 46. g7 {[%clk 0:50:20]} Kc6 {[%clk 0:49:01]} 47. g8=Q
{[%clk 0:50:35]} Kd7 {[%clk 0:49:27]} 48. Qf7+ {[%clk 0:50:12]} Kc6
{[%clk 0:49:43]} 49. Qc7+ {[%clk 0:50:37]} Kd5 {[%clk 0:50:03]} 50. Qc4# 1-0